000 00958cam a2200277 a 4500
005 20190627100730.0
008 161125s1997 enk fr 001 0 eng d
015 _aNNN
020 _a0415154359
020 _a9780415154352
035 _a(Sirsi) a683300
040 _aCO-BoUCM
_cSaul Niño
_dSaul Niño
041 0 _aeng
100 1 _aAnsell-Pearson, Keith
_d1960-
_982207
245 1 0 _aViroid life
_bperspectives on Nietzsche and the transhuman condition
_cKeith Ansell-Pearson
260 _aLondres (Inglaterra)
_bRoutledge
_c1997
300 _a203 páginas
504 _aIncluye referencias bibliográficas e índices
546 _aTexto en inglés
600 1 4 _aNietzsche, Friedrich Wilhelm
_d1844-1900
_xCrítica e interpretación
_952639
650 0 _aFilosofía alemana
_97622
690 0 _aFilosofía
_975
650 7 _99195
_aAntropología Filosófica
942 _2DEWEY
_a2
_cLIBRO
_e1
_h193
_mP361vi
999 _c305197
_d305197